| 000 | 00000nam##2200000za#4500 |
| 001 | 9.531135 |
| 003 | CaOODSP |
| 005 | 20200401033927 |
| 007 | ta |
| 008 | 150406|1998||||xxc||||| f|0| 0 fre|d |
| 020 | |a0-660-60732-8 |
| 040 | |aCaOODSP|bfre |
| 041 | |aeng |
| 041 | |afre |
| 043 | |an-cn--- |
| 086 | 1 |aBT31-4/66-1998 |
| 110 | 1 |aCanada. |bConseil du trésor. |
| 245 | 10|aCommission de la fonction publique du Canada |
| 260 | |aOttawa - Ontario : |bSecrétariat du Conseil du Trésor du Canada |c1998. |
| 300 | |aTexte français, 65p. : |btableaux ; |c28 cm. |
| 490 | 1 |aRapport sur le rendement pour la période se terminant le 31 mars 1998 |
| 546 | |aBilingue |
| 563 | |aCouverture souple |
| 590 | |a98-45|b1998-11-06 |
| 776 | 0#|tPublic Service Commission of Canada, performance report for the period ending March 31, 1998 |w(CaOODSP)9.568888 |
| 776 | 0#|tCommission de la fonction publique du Canada, rapport sur le rendement pour la période se terminant le 31 mars 1998 |w(CaOODSP)9.600150 |
| 791 | |tPublic Service Commission of Canada|eeng|w(CaOODSP)9.531134 |
| 830 | #0|aRapport sur le rendement pour la période se terminant le 31 mars 1998.|w(CaOODSP)9.508975 |